Sociología
Enregistré dans:
| Auteurs principaux: | , , |
|---|---|
| Format: | Livre |
| Langue: | espagnol |
| Publié: |
Bogotá
McGraw-Hill
1994
|
| Édition: | 5a. ed |
| Sujets: | |
| Tags: |
Ajouter un tag
Pas de tags, Soyez le premier à ajouter un tag!
|
MARC
| LEADER | 00000nam a2200000 a 4500 | ||
|---|---|---|---|
| 001 | UCU3000 | ||
| 003 | CL-VaPUC | ||
| 008 | 960502e19940000CK |||||||||||||||||spa|d | ||
| 082 | 0 | 4 | |a 301 |b LIG |2 21 |
| 100 | |a Light, Donald |e autor |9 594479 | ||
| 700 | |a Keller, Suzanne |e author |9 594480 | ||
| 700 | 0 | |a Calhoun, Craig |e author |9 359649 | |
| 245 | 1 | 0 | |a Sociología |
| 250 | |a 5a. ed | ||
| 300 | |a 705 p | ||
| 942 | |c BK | ||
| 945 | |d 19960502 00:00:00 |a rbrito | ||
| 260 | |a Bogotá |b McGraw-Hill |c 1994 | ||
| 650 | 0 | |a Sociología |9 255410 | |
| 650 | 0 | |a Ciencias sociales |v Investigación |9 307767 | |
| 650 | 0 | |a Ciencias sociales |9 256351 | |
| 650 | 0 | |a Cultura |9 269059 | |
| 650 | 7 | |a ESTRUCTURA SOCIAL |2 CL-VaPUC |9 359650 | |
| 650 | 0 | |a Sistemas sociales |9 308361 | |
| 650 | 0 | |a Socialización |9 309940 | |
| 650 | 0 | |a Población |9 257577 | |
| 650 | 0 | |a Demografía |9 260008 | |
| 650 | 0 | |a Etnología |9 258726 | |
| 650 | 0 | |a Cambio social |9 256857 | |
| 583 | |a last modification |c 19960502 00:00:00 |k Rodrigo Vera | ||
| 999 | |c 247146 |d 247144 | ||
| 952 | |0 0 |1 0 |4 0 |6 301_000000000000000_LIG_1994 |7 0 |8 A |9 262786 |a BIBCUR |b BIBCUR |d 2019-11-19 |i 3196356 |o 301 LIG 1994 |p 3196356 |r 2025-04-22 |w 2019-11-19 |y BK |k PER | ||